[Event "Sant Adria de Besos op 2nd B"]
[Site "Sant Adria de Besos"]
[Date "2018.08.15"]
[Round "8.2"]
[White "Delgado Prada, Yeray"]
[Black "Hovakimyan, Narek"]
[Result "0-1"]
[WhiteElo "1867"]
[BlackElo "1851"]
[PlyCount "101"]
[EventDate "2018.08.10"]
[EventType "swiss"]
[EventRounds "9"]
[EventCountry "ESP"]
[SourceTitle "EXT 2024"]
[Source "ChessBase"]
[SourceDate "2023.10.10"]
[SourceVersion "1"]
[SourceVersionDate "2023.10.10"]
[SourceQuality "1"]

1. e4 c6 2. d4 d5 3. Nc3 dxe4 4. Nxe4 Nf6 5. Ng3 Bg4 6. N1e2 e6 7. Bg5 Qa5+ 8. Bd2 Qc7 9. h3 Bxe2 10. Qxe2 Nbd7 11. 0-0-0 Bd6 12. Qf3 0-0-0 13. Kb1 h6 14. c4 Rhe8 15. Bd3 c5 16. Rc1 Kb8 17. b4 cxd4 18. c5 Bxg3 19. fxg3 Ne5 20. Bf4 Nxf3 21. Bxc7+ Kxc7 22. gxf3 Nd5 23. a3 e5 24. Rhe1 Ne3 25. c6 b6 26. g4 g6 27. Rg1 Nd5 28. Bc4 Re7 29. Bxd5 Rxd5 30. Rge1 f5 31. Rc4 Re6 32. gxf5 gxf5 33. Rg1 Rxc6 34. Rg7+ Rd7 35. Rxc6+ Kxc6 36. Rg6+ Rd6 37. Rg7 a5 38. bxa5 bxa5 39. Rf7 f4 40. Kc2 Kd5 41. Kd3 Rb6 42. Rd7+ Ke6 43. Rh7 Rb3+ 44. Ke2 Re3+ 45. Kf2 Rxa3 46. Rxh6+ Kd5 47. Rh8 Ra2+ 48. Ke1 d3 49. h4 Kd4 50. Re8 Rh2 51. Ra8 0-1

[Event "Sant Adria de Besos op 2nd B"]
[Site "Sant Adria de Besos"]
[Date "2018.08.15"]
[Round "7.3"]
[White "Losada Ferriz, Juan Manel"]
[Black "Delgado Prada, Yeray"]
[Result "0-1"]
[WhiteElo "1827"]
[BlackElo "1867"]
[PlyCount "51"]
[EventDate "2018.08.10"]
[EventType "swiss"]
[EventRounds "9"]
[EventCountry "ESP"]
[SourceTitle "EXT 2024"]
[Source "ChessBase"]
[SourceDate "2023.10.10"]
[SourceVersion "1"]
[SourceVersionDate "2023.10.10"]
[SourceQuality "1"]

1. e4 e6 2. d4 d5 3. Nc3 Nf6 4. Bg5 Be7 5. e5 Nfd7 6. Bxe7 Qxe7 7. Qd2 a6 8. 0-0-0 c5 9. f4 c4 10. Nf3 b5 11. g4 Nb6 12. Be2 Nc6 13. Rdf1 b4 14. Nd1 Na4 15. b3 Nb6 16. Ne3 c3 17. Qd3 a5 18. Qb5 Qc7 19. Qc5 Nd7 20. Qd6 Qxd6 21. exd6 Ba6 22. Re1 Bxe2 23. Rxe2 0-0 24. Rd1 h6 25. Ne5 Ncxe5 26. fxe5 0-1

[Event "Sant Adria de Besos op 2nd B"]
[Site "Sant Adria de Besos"]
[Date "2018.08.11"]
[Round "2.3"]
[White "Delgado Prada, Yeray"]
[Black "Peiron Lluch, Jose Daniel"]
[Result "1-0"]
[WhiteElo "1867"]
[BlackElo "1805"]
[PlyCount "26"]
[EventDate "2018.08.10"]
[EventType "swiss"]
[EventRounds "9"]
[EventCountry "ESP"]
[SourceTitle "EXT 2024"]
[Source "ChessBase"]
[SourceDate "2023.10.10"]
[SourceVersion "1"]
[SourceVersionDate "2023.10.10"]
[SourceQuality "1"]

1. e4 d5 2. exd5 Nf6 3. d4 Nxd5 4. c4 Nb6 5. Nf3 Bg4 6. Be2 e6 7. c5 Nd5 8. Nc3 Be7 9. Qb3 0-0 10. Qxb7 Nd7 11. Nxd5 exd5 12. Qxd5 Be6 13. Qe5 Nxe5 1-0

[Event "Barcelona Ideal Clave op 21st"]
[Site "Barcelona"]
[Date "2017.11.25"]
[Round "8"]
[White "Rivera Padron, Joaquin"]
[Black "Delgado Prada, Yeray"]
[Result "1-0"]
[WhiteElo "1977"]
[BlackElo "1877"]
[PlyCount "63"]
[EventDate "2017.09.30"]
[EventType "swiss"]
[EventRounds "8"]
[EventCountry "ESP"]
[SourceTitle "CBM 181 Extra"]
[Source "ChessBase"]
[SourceDate "2017.12.12"]
[SourceVersion "1"]
[SourceVersionDate "2017.12.12"]
[SourceQuality "1"]

1. e4 e6 2. d3 c5 3. g3 g6 4. Bg2 Bg7 5. Nf3 Nc6 6. 0-0 e5 7. Bg5 Nge7 8. Nc3 0-0 9. Qd2 d6 10. Nd5 f6 11. Nxe7+ Nxe7 12. Be3 Bg4 13. c3 Qe8 14. Rfd1 f5 15. h3 Bh5 16. Ng5 Bxd1 17. Rxd1 Nc6 18. exf5 gxf5 19. Bd5+ Kh8 20. Ne6 Rf7 21. Bg5 Rd7 22. h4 Qg6 23. h5 Qxh5 24. Kg2 Ne7 25. Nxg7 Kxg7 26. Be6 Rc7 27. Rh1 Qg6 28. Rh6 Qe8 29. Bf6+ Kf8 30. Rxh7 Ng8 31. Qh6+ Nxh6 32. Rh8+ 1-0

[Event "Barcelona Ideal Clave op 21st"]
[Site "Barcelona"]
[Date "2017.11.11"]
[Round "6"]
[White "Sanchez Marin, Joan"]
[Black "Delgado Prada, Yeray"]
[Result "1-0"]
[WhiteElo "2015"]
[BlackElo "1877"]
[PlyCount "83"]
[EventDate "2017.09.30"]
[EventType "swiss"]
[EventRounds "8"]
[EventCountry "ESP"]
[SourceTitle "CBM 181 Extra"]
[Source "ChessBase"]
[SourceDate "2017.12.12"]
[SourceVersion "1"]
[SourceVersionDate "2017.12.12"]
[SourceQuality "1"]

1. Nf3 Nf6 2. d4 g6 3. c4 Bg7 4. Nc3 0-0 5. e4 d6 6. Be3 e5 7. Qd2 Ng4 8. Bg5 f6 9. Bh4 exd4 10. Nxd4 Re8 11. Be2 Qd7 12. f4 f5 13. Bxg4 fxg4 14. 0-0 Qf7 15. f5 Nc6 16. f6 Bf8 17. Nxc6 bxc6 18. Bg5 Rb8 19. b3 Re5 20. Bf4 Rh5 21. Ne2 Bd7 22. Ng3 Rc5 23. Be3 Re5 24. Bxa7 Rbe8 25. Bd4 R5e6 26. Qg5 h6 27. Qxg4 Rxe4 28. Qxe4 Rxe4 29. Nxe4 Bf5 30. Ng3 Be6 31. a4 d5 32. c5 Bc8 33. b4 Ba6 34. Rfb1 Qd7 35. Ra3 h5 36. Re3 h4 37. Nf1 Qg4 38. Ba1 Qf5 39. Rbe1 Kf7 40. Nd2 Qf4 41. Nf3 Qxb4 42. Ng5+ 1-0

[Event "Roncana op-A 10th"]
[Site "Santa Eulalia de Roncana"]
[Date "2016.10.08"]
[Round "3"]
[White "Rojano Cano, Francisco Jose"]
[Black "Delgado Prada, Yeray"]
[Result "1-0"]
[WhiteElo "2107"]
[BlackElo "1759"]
[PlyCount "69"]
[EventDate "2016.09.24"]
[EventType "swiss"]
[EventRounds "8"]
[EventCountry "ESP"]
[SourceTitle "EXT 2018"]
[Source "ChessBase"]
[SourceDate "2017.10.13"]
[SourceVersion "1"]
[SourceVersionDate "2017.10.13"]
[SourceQuality "1"]

1. d4 Nf6 2. c4 g6 3. Nc3 Bg7 4. e4 d6 5. f3 0-0 6. Be3 e5 7. d5 a5 8. Qd2 Na6 9. Nge2 Nh5 10. g4 Nf6 11. Ng3 Bxg4 12. fxg4 Nxg4 13. Bg5 f6 14. Bh3 Nf2 15. Qxf2 fxg5 16. Qe2 Nc5 17. 0-0-0 Rf4 18. Kb1 Qf6 19. Rhf1 h5 20. Be6+ Kf8 21. Qg2 a4 22. Nge2 a3 23. b3 Ra6 24. Kc2 Ke7 25. b4 Nxe6 26. dxe6 c6 27. c5 Rxf1 28. Rxf1 Qxe6 29. Qxg5+ Kd7 30. Rd1 Bf8 31. Qd2 Qc4 32. Qe3 Qe6 33. Nc1 Ra8 34. Nb3 Be7 35. cxd6 1-0

[Event "Llinars del Valles op-B 10th"]
[Site "Llinars del Valles"]
[Date "2016.05.21"]
[Round "7"]
[White "Martin Capitan, Jesus C"]
[Black "Delgado Prada, Yeray"]
[Result "1-0"]
[WhiteElo "1865"]
[BlackElo "1775"]
[PlyCount "111"]
[EventDate "2016.04.02"]
[EventType "swiss"]
[EventRounds "9"]
[EventCountry "ESP"]
[SourceTitle "CBM 172 Extra"]
[Source "ChessBase"]
[SourceDate "2016.06.21"]
[SourceVersion "1"]
[SourceVersionDate "2016.06.21"]
[SourceQuality "1"]

1. e4 e6 2. d4 d5 3. exd5 exd5 4. Bd3 Nc6 5. Be3 Bd6 6. a3 Nf6 7. h3 0-0 8. Qf3 Re8 9. Ne2 Ne4 10. Nbc3 Nxc3 11. bxc3 Ne7 12. g4 c6 13. h4 Qd7 14. Rg1 f5 15. gxf5 Nxf5 16. Kd2 Rf8 17. Qh5 Qf7 18. Rg5 Qxh5 19. Rxh5 g6 20. Rg1 Rf7 21. Bxf5 Bxf5 22. Rhg5 Be7 23. R5g2 Bxh4 24. Rh2 Be7 25. Nf4 Bxa3 26. Nd3 Bxd3 27. Kxd3 Bd6 28. Rhh1 Bf4 29. c4 Bxe3 30. fxe3 Rf3 31. cxd5 cxd5 32. Rg5 Rf5 33. Rxf5 gxf5 34. Rb1 b6 35. c4 dxc4+ 36. Kxc4 Re8 37. d5 Re4+ 38. Kb5 Kf7 39. Kc6 Rc4+ 40. Kd7 Rc5 41. d6 h5 42. Rh1 Kg6 43. Kd8 Kg5 44. d7 Kg4 45. Rd1 Kf3 46. Ke7 Rc7 47. Rf1+ Kg4 48. Ke6 Rxd7 49. Kxd7 h4 50. Ke6 a5 51. Rxf5 Kg3 52. Kd5 h3 53. e4 a4 54. Kc4 Kg4 55. Rf8 h2 56. Rh8 1-0

[Event "Llinars del Valles op-B 10th"]
[Site "Llinars del Valles"]
[Date "2016.04.09"]
[Round "2"]
[White "Mallol Descarrega, Aleix"]
[Black "Delgado Prada, Yeray"]
[Result "0-1"]
[WhiteElo "1469"]
[BlackElo "1775"]
[PlyCount "34"]
[EventDate "2016.04.02"]
[EventType "swiss"]
[EventRounds "9"]
[EventCountry "ESP"]
[SourceTitle "CBM 172 Extra"]
[Source "ChessBase"]
[SourceDate "2016.06.21"]
[SourceVersion "1"]
[SourceVersionDate "2016.06.21"]
[SourceQuality "1"]

1. e4 e5 2. Nf3 f5 3. Nxe5 Qf6 4. d4 d6 5. Nf3 fxe4 6. Qe2 d5 7. Nc3 c6 8. Ne5 Bd6 9. f4 Ne7 10. Bd2 Nf5 11. Qf2 0-0 12. h4 Be6 13. g4 e3 14. Bxe3 Nxe3 15. Qxe3 Qxf4 16. Qe2 Qxd4 17. Nc4 Bg3+ 0-1

[Event "Mollet del Valles op 2nd"]
[Site "Mollet del Valles"]
[Date "2011.06.18"]
[Round "8"]
[White "Montllor Aguilera, Francisco"]
[Black "Delgado Prada, Yeray"]
[Result "1-0"]
[WhiteElo "1668"]
[BlackElo "1801"]
[PlyCount "63"]
[EventDate "2011.04.30"]
[EventType "swiss"]
[EventRounds "8"]
[EventCountry "ESP"]
[SourceTitle "EXT 2024"]
[Source "ChessBase"]
[SourceDate "2023.10.10"]
[SourceVersion "1"]
[SourceVersionDate "2023.10.10"]
[SourceQuality "1"]

1. e4 e6 2. Nf3 d5 3. exd5 exd5 4. d4 Bd6 5. Bd3 Ne7 6. h3 h6 7. Be3 0-0 8. 0-0 Bf5 9. Re1 Nd7 10. Qd2 Bxd3 11. Qxd3 Nf6 12. Nbd2 Ng6 13. c4 dxc4 14. Nxc4 Bf4 15. Rad1 Qd5 16. b3 Rad8 17. Qc2 c6 18. Qc1 Nh5 19. Nce5 Bxe3 20. Rxe3 Nhf4 21. Nxg6 fxg6 22. Qc4 Rfe8 23. Rde1 Kf8 24. Qb4+ Kf7 25. Re7+ Rxe7 26. Rxe7+ Kf6 27. Qxb7 Rg8 28. Qxa7 g5 29. Qd7 Rd8 30. Qc7 Rg8 31. Re5 Nxh3+ 32. Kh2 1-0

[Event "Mollet del Valles op 2nd"]
[Site "Mollet del Valles"]
[Date "2011.04.30"]
[Round "1.5"]
[White "Delgado Prada, Yeray"]
[Black "Romero Gamez, Francisco Javier"]
[Result "1-0"]
[WhiteElo "1801"]
[BlackElo "1605"]
[PlyCount "107"]
[EventDate "2011.04.30"]
[EventType "swiss"]
[EventRounds "8"]
[EventCountry "ESP"]
[SourceTitle "EXT 2024"]
[Source "ChessBase"]
[SourceDate "2023.10.10"]
[SourceVersion "1"]
[SourceVersionDate "2023.10.10"]
[SourceQuality "1"]

1. e4 c5 2. Nc3 d6 3. g3 Nc6 4. Bg2 Nf6 5. Nge2 e5 6. d3 Be7 7. h3 a6 8. 0-0 0-0 9. f4 b5 10. Qe1 Bd7 11. f5 c4 12. a3 h6 13. g4 Nh7 14. Be3 Bg5 15. Bxg5 Qxg5 16. Nd5 Rab8 17. Kh2 Qd8 18. Qg3 Nf6 19. Nec3 Nd4 20. Rf2 Bc6 21. h4 Bxd5 22. exd5 Re8 23. g5 hxg5 24. hxg5 Nh5 25. Qh4 Nf4 26. Rh1 Nxf5 27. Qg4 Ne3 28. Qh4 Nexg2 29. Rxg2 Nxg2 30. Kxg2 Kf8 31. Qh8+ Ke7 32. Qxg7 Rf8 33. Ne4 Rg8 34. Qf6+ Kf8 35. Qh6+ Ke7 36. Rf1 Rg6 37. Qh3 Qg8 38. Qe3 Rb7 39. d4 Kd8 40. dxe5 dxe5 41. Rf6 Rxf6 42. Nxf6 Qg6 43. Qxe5 Qxc2+ 44. Kg3 Qd3+ 45. Kh4 Qd2 46. d6 Qf2+ 47. Kh5 Qf3+ 48. Kh6 Qh3+ 49. Kg7 Qe6 50. Qxe6 fxe6+ 51. Kf8 e5 52. g6 e4 53. d7 e3 54. g7 1-0

[Event "Llinars del Valles op-B 4th"]
[Site "Llinars del Valles"]
[Date "2010.05.08"]
[Round "5"]
[White "Vilanova Olmedo, Ignasi"]
[Black "Delgado Prada, Yeray"]
[Result "0-1"]
[WhiteElo "1640"]
[BlackElo "1816"]
[PlyCount "88"]
[EventDate "2010.04.10"]
[EventType "swiss"]
[EventRounds "7"]
[EventCountry "ESP"]
[SourceTitle "EXT 2012"]
[Source "ChessBase"]
[SourceDate "2011.11.24"]
[SourceVersion "1"]
[SourceVersionDate "2011.11.24"]
[SourceQuality "1"]

1. d4 d5 2. Nf3 c5 3. e3 Nc6 4. c3 cxd4 5. exd4 Bf5 6. Bd3 Bxd3 7. Qxd3 e6 8. 0-0 Nf6 9. Bg5 h6 10. Bh4 Be7 11. Nbd2 Nh7 12. Bxe7 Qxe7 13. Ne5 Nxe5 14. dxe5 0-0 15. Nf3 f5 16. Nd4 g5 17. Rad1 g4 18. c4 Rad8 19. cxd5 Rxd5 20. Rfe1 Ng5 21. Qc4 Rfd8 22. Nxf5 Qf8 23. Rxd5 Rxd5 24. Ng3 Rd2 25. Rf1 Rxb2 26. Qxg4 Kh7 27. h4 Rb4 28. Qe2 Rxh4 29. Qd3+ Kh8 30. Qd7 Rb4 31. Nh5 Qg8 32. f4 Ne4 33. Rc1 Rb2 34. Rc8 Rxg2+ 35. Kf1 Nd2+ 36. Ke1 Nf3+ 37. Kd1 Rd2+ 38. Qxd2 Qxc8 39. Qc2 Qxc2+ 40. Kxc2 Nh4 41. Kd2 Kh7 42. Ke3 Kg6 43. Ng3 Nf5+ 44. Nxf5 Kxf5 0-1

[Event "Llinars del Valles op-B 4th"]
[Site "Llinars del Valles"]
[Date "2010.04.24"]
[Round "3"]
[White "Salagran Ferragut, Eduard"]
[Black "Delgado Prada, Yeray"]
[Result "0-1"]
[WhiteElo "1518"]
[BlackElo "1816"]
[PlyCount "32"]
[EventDate "2010.04.10"]
[EventType "swiss"]
[EventRounds "7"]
[EventCountry "ESP"]
[SourceTitle "EXT 2012"]
[Source "ChessBase"]
[SourceDate "2011.11.24"]
[SourceVersion "1"]
[SourceVersionDate "2011.11.24"]
[SourceQuality "1"]

1. e4 a6 2. Nf3 b5 3. d4 Bb7 4. Bd3 e6 5. 0-0 c5 6. Nc3 c4 7. Be2 Qc7 8. d5 b4 9. Nb1 exd5 10. exd5 Nf6 11. Re1 Be7 12. Bxc4 Qxc4 13. d6 0-0 14. Rxe7 Bxf3 15. Qxf3 Nc6 16. Re2 Nd4 0-1

[Event "Llinars del Valles op 3rd"]
[Site "Llinars del Valles"]
[Date "2009.05.16"]
[Round "5"]
[White "Delgado Prada, Yeray"]
[Black "Diaz Camallonga, Carles"]
[Result "0-1"]
[WhiteElo "1750"]
[BlackElo "1634"]
[PlyCount "70"]
[EventDate "2009.04.18"]
[EventType "swiss"]
[EventRounds "7"]
[EventCountry "ESP"]
[SourceTitle "EXT 2011"]
[Source "ChessBase"]
[SourceDate "2010.11.26"]
[SourceVersion "1"]
[SourceVersionDate "2010.11.26"]
[SourceQuality "1"]

1. e4 e6 2. d4 d5 3. Nd2 c5 4. c3 Nc6 5. exd5 Qxd5 6. Qf3 cxd4 7. Qxd5 exd5 8. c4 Nb4 9. Kd1 Bf5 10. a3 Nc2 11. Ra2 d3 12. cxd5 Bc5 13. f3 0-0-0 14. g4 Ne3+ 15. Ke1 Re8 16. Ne4 Bxe4 17. fxe4 Nxf1 18. Kxf1 Rxe4 19. Nf3 Nf6 20. b4 Be3 21. Bxe3 Rxe3 22. Ng5 Nxd5 23. Nxf7 Rf3+ 24. Rf2 Rxf2+ 25. Kxf2 Rf8 26. Kg3 Rxf7 27. Rd1 Rd7 28. Rxd3 Nxb4 29. Rxd7 Kxd7 30. axb4 a6 31. Kf4 b6 32. Ke5 a5 33. bxa5 bxa5 34. h4 a4 35. Kd4 Ke6 0-1